NBA All-stars 2022 - Statistiques

Statistiques générales
  • Ce quiz a été pris 1 831 fois
    1 813 depuis la dernière actualisation
  • Le résultat moyen est 16 sur 29
Statistiques - réponses
Poste Joueur % Correct
F LeBron James
98%
G Stephen Curry
95%
C Nikola Jokic
89%
F Kevin Durant
88%
G Luka Doncic
82%
C Joel Embiid
79%
G James Harden
78%
F Giannis Antetokounmpo
76%
F Jayson Tatum
76%
G Ja Morant
67%
C Rudy Gobert
67%
G Trae Young
66%
G Devin Booker
61%
G Chris Paul
55%
G Donovan Mitchell
51%
F Jimmy Butler
50%
G DeMar DeRozan
47%
G LaMelo Ball
46%
G Zach Lavine
44%
C Karl-Anthony Towns
41%
Monty Williams
38%
F Draymond Green
37%
G Dejounte Murray
35%
G Darius Garland
32%
F Andrew Wiggins
31%
F Khris Middleton
31%
C Jarrett Allen
28%
G Fred Vanvleet
20%
Erik Spolstra
6%
Aucun quiz correspondant
Distribution des résultats
% des personnes avec chaque résultat
Percentile par nombre de réponses
Votre historique - résultats
Vous n’avez pas pris ce quiz depuis la dernière actualisation